000 00696nam a2200241 a 4500
001 47238
003 BD-RjUL
005 20211209054300.0
008 160807s bg 000 0 eng
035 _a(BD-RjUL)47357
040 _aDLC
_cDLC
_dBD-RjUL
_beng
041 _aeng
082 0 0 _a354.5492001
_223
_bBAN 1984
110 1 _aBangladesh.
_9143832
245 1 4 _aThe service rules /
260 _aDhaka :
_bBangladesh Govt. Press,
_c[?]
300 _a Vol ;
_c25 cm.
505 _aV -1- 2-
650 0 _aCivil service
_zBangladesh.
_9142785
710 2 _aGovernment of the people republic Bangladesh
_tBangladesh Service Rules.
_9143812
942 _2ddc
_cBK
999 _c47238
_d47238